000
00316nam a2200133Ia 4500
008
150201s1999 xx 000 0 und d
082
_a
610.6
_b
V99W
100
_a
WHO
245
_a
VECTOR CONTROL
250
_a
1ST
260
_b
AITBS
_a
DELHI
_c
1999
650
_a
OTHER CLINICAL & NON CLINICAL BOOKS
942
_2
ddc
_c
BK
999
_c
1160
_d
1160